Music Quiz

Random Music or Musical Quiz
Score 0/24 Timer 15:00
0 Plays Today
Song Type Song Title % Correct
TrioThree Little Maids from School
90%
ChorusIf You Want to Know Who We Are
83.1%
Song and ChorusA Wandering Minstrel I
81.5%
SongI've Got a Little List
77.7%
Chorus and SongBehold the Lord High Executioner
63.8%
TrioI Am So Proud
63.1%
SongThe Sun Whose Rays are All Ablaze
63.1%
Song and ChorusA More Humane Mikado
62.3%
Chorus and SoloBraid the Raven Hair
60.8%
Song and ChorusOur Great Mikado, Virtuous Man
60%
Entrance of MikadoMi-ya Sa-ma
60%
DuetThe Flowers That Bloom in the Spring
59.2%
Song Type Song Title % Correct
ChorusComes a Train of Little Ladies
57.7%
DuetThere is Beauty in the Bellow of the Blast
57.7%
Finale - Act IIFor He's Gone and Married Yum-Yum
53.8%
SongYoung Man, Despair
50.8%
Recitative and SongAlone, and Yet Alive!
50.8%
QuintettSo Please You Sir, We Much Regret
49.2%
MadrigalBrightly Dawns Our Wedding Day
48.5%
TrioHere's a How-de-do!
45.4%
Trio and ChorusThe Criminal Cried as He Dropped Him Down
43.8%
Finale - Act IWith Aspect Stern and Gloomy Stride
40%
GleeSee How the Fates Their Gifts Allot
37.7%
SongWillow, Tit-Willow
25.4%
Remove Ads.
Support Sporcle.
Get the best of Sporcle when you Go Orange. This ad-free experience offers more features, more stats, and more fun while also helping to support Sporcle. Thank you for becoming a member.

You're not logged in!

Compare scores with friends on all Sporcle quizzes.
OR
Log In

Show Comments

Extras

Top Quizzes Today


Score Distribution

Your Account Isn't Verified!

In order to create a playlist on Sporcle, you need to verify the email address you used during registration. Go to your Sporcle Settings to finish the process.

Report this User

Report this user for behavior that violates our Community Guidelines.

Details: